| 000 | 02263nam a22002897a 4500 | ||
|---|---|---|---|
| 999 |
_c63182 _d63182 |
||
| 003 | Ge_BSU | ||
| 005 | 20250620111055.0 | ||
| 008 | 250620b xxu||||| |||| 00| 0 geo d | ||
| 020 | _a9789941383786 | ||
| 041 | _ageo | ||
| 080 | _a659.126.1 : 347.772 : 338.22 ნ-71 | ||
| 100 |
_aნიუმაიერი, მარტი _925470 |
||
| 245 |
_aბრენდის უფსკრული : _b[როგორ შევამციროთ ბიზნესსტრატეგიასა და დიზაინს შორის არსებული მანძილი : სალექციო მიმოხილვა] / _cმარტი ნიუმაიერი; ინგლისურიდან თარგმნა ანა აფციაურმა; კონულტანტები: ალექსი ჩიქოვანი, შოთა ჩინჩალაძე; სარედაქციო ჯგუფი: ზურაბ აბაშიძე, თამარ ჯანთიშვილი, სვეტა კვარაცხელია [და სხვა]. |
||
| 264 |
_aთბილისი : _bპალიტრა L, _c2024. |
||
| 300 |
_a214 გვ. ; _b21 სმ. |
||
| 490 | _aლურჯი ოკეანე | ||
| 500 | _aგარეკანი ქართულ და ინგლისურ ენებზე | ||
| 653 | _aბრენდის შექმნა | ||
| 653 | _aბიზნესი | ||
| 700 |
_aაფციაური, ანა _eმთარგმნელი _916154 |
||
| 700 |
_aაბაშიძე, ზურაბ _eრედაქტორი _91322 |
||
| 700 |
_aჩიქოვანი, ალექსი _e კონსულტანტი, წინასიტყვაობის ავტორი _925471 |
||
| 700 |
_aჩინჩალაძე, შოთა _eკონსულტანტი, წინასიტყვაობის ავტორი _925472 |
||
| 700 |
_aჯანთიშვილი, თამარ _eრედაქტორი _925473 |
||
| 700 |
_aკვარაცხელია, სვეტა და სხვ. _eრედაქტორი _925474 |
||
| 942 |
_2udc _cᲬᲘᲒᲜᲘ |
||